Conference on Innovative change: (Record no. 42642)

MARC details
000 -LEADER
fixed length control field 00801nam a22001937a 4500
005 - DATE AND TIME OF LATEST TRANSACTION
control field 20100820101739.0
010 ## - LCCN (DPL NO)
LC control number ENG-101040
020 ## - INTERNATIONAL STANDARD BOOK NUMBER
Terms of availability Rs. 500.00
035 ## - SYSTEM CONTROL NUMBER
System control number EN-84573
037 ## - SOURCE OF ACQUISITION
Source of stock number/acquisition DBAD/PUB
082 ## - DEWEY DECIMAL CLASSIFICATION NUMBER
Classification number 020
245 ## - TITLE STATEMENT
Title Conference on Innovative change:
Remainder of title library and information services for the present and futureheld on 10th, 11th January 2009 /
Statement of responsibility, etc edited by C. Sasikala ...[et.al]
260 ## - PUBLICATION, DISTRIBUTION, ETC. (IMPRINT)
Place of publication, distribution, etc Vijayawada
Name of publisher, distributor, etc Andhra Pradesh Library Association
Date of publication, distribution, etc 2009
270 ## - ADDRESS
Address Sri Sarvottama Bhavanam
City Vijayawada
Postal code 520010
Telephone number 0866-2472313
Electronic mail address apla1914@gmail.com
300 ## - PHYSICAL DESCRIPTION
Extent 454 p;
Dimensions 22 cm (Pbk)
700 ## - ADDED ENTRY--PERSONAL NAME
Personal name Sasikala, C, ed.
9 (RLIN) 15374
942 ## - ADDED ENTRY ELEMENTS (KOHA)
Source of classification or shelving scheme Dewey Decimal Classification
Item type English Books
Classification part 020
Call number prefix CON
Holdings
Withdrawn status Lost status Not for loan Home library Current library Date acquired Source of acquisition Cost, normal purchase price Full call number Barcode Copy number Cost, replacement price Koha item type
    Not For Loan D.B.Act.Division D.B.Act.Division 20/08/2010 DBAD/PUB 500.00 020 CON EN-84573 1 500.00 English Books

© Delhi Public Library
Hit Counter
free hit counter